000 00878nam a2200277Ia 4500
003 OSt
005 20220923220427.0
006 a|||||r|||| 00| 0
007 ta
008 220922b |||||||| |||| 00| 0 hin d
024 _a186,568
037 _cTextual
040 _aARTS
_cARTS
_bhin
041 _2hin
_ahin
082 _aR65,6, 152M3
100 _aशर्मा, ब्रजभूषण
245 0 _aलोक गीत
246 _aLok gīta
260 _aइलाहाबाद
_b टी0 एन0 भागर्व एण्ड संस
_c1983
300 _a248 पृ.
_ccm.
650 _a भगवत् गीता
650 _a भारतीय दर्शन
650 _aभारतीय दर्शन
942 _hR65,6, 152M3
_cTEXL
_2CC
999 _c339811
_d339811